[Event "20th Dubai Open 2018"]
[Site "Dubai"]
[Date "2018.04.10"]
[Round "9"]
[White "Kiriakov, Petr"]
[Black "Sidhant, Mohapatra"]
[Result "1-0"]
[WhiteElo "2520"]
[BlackElo "2382"]
[Annotator "TA"]
[PlyCount "151"]
[EventDate "2018.??.??"]
[EventType "swiss"]
[EventCountry "UAE"]
[SourceTitle "playchess.com"]
[Source "ChessBase"]
[SourceQuality "1"]

{[%evp 15,151,13,14,14,14,-15,-4,-4,20,8,37,6,50,20,54,13,56,49,66,62,82,85,99,83,103,78,81,68,55,39,43,45,28,23,22,28,51,30,83,85,97,75,92,75,98,72,81,89,130,128,208,181,232,119,101,122,206,182,408,258,244,158,282,273,639,315,315,315,315,315,5222,1555,1330,343,324,182,244,235,321,179,185,185,186,74,74,74,75,75,75,75,75,75,69,50,81,18,18,12,12,8,24,8,8,8,12,8,8,8,8,8,8,8,8,8,8,8,152,8,381,0,0,0,0,0,8,8,8,8,8,8,8,8,29979,29978,29980,29982,29982,29983]} 1. d4 Nf6 2. c4 e6 3. Nc3 Bb4 4. Qc2 d6 5. Bg5 Nbd7 6. e3 h6 {E32: Nimzo-Indian: Classical (4 Qc2): 4...0-0} (6... b6 7. Nge2 Bb7 8. a3 Bxc3+ 9. Nxc3 h6 10. Bh4 g5 11. Bg3 Nh5 12. O-O-O Qe7 13. Nb5 Nxg3 14. hxg3 {½-½ (56) Morozevich,A (2665)-Riazantsev,A (2666) Sochi 2017}) 7. Bh4 Qe7 8. Nf3 b6 {LiveBook: 3 Games. The position is equal.} 9. Nd2 $146 ({Predecessor:} 9. Be2 Bb7 10. O-O g5 11. Nb5 Qd8 12. a3 gxh4 13. axb4 a6 {0-1 (49) Nechaeva,M (2420)-Melia,S (2393) Novi Sad 2016}) 9... Bb7 10. a3 Bxc3 $1 11. Qxc3 c5 12. dxc5 bxc5 13. f3 Ne5 14. Be2 O-O 15. O-O Ng6 16. Bf2 e5 17. b4 e4 18. f4 Rfe8 19. Nb3 Rac8 20. Rad1 cxb4 21. axb4 Ba6 $1 22. Ra1 Bxc4 $1 23. Bxc4 d5 24. Nc5 dxc4 25. Qxc4 Rc7 26. Ra6 Kh7 (26... Nf8 $11 {remains equal.}) 27. Bg3 $16 Rec8 28. Qd4 Rd8 29. Qb2 Rd5 30. Qa2 Rf5 31. Rd1 h5 32. h3 h4 (32... Nf8 $16 {was called for.} 33. Bh4 N8d7) 33. Be1 $18 Nh5 (33... Nd7 $142) 34. Rd5 (34. Qe2 $18) 34... Rxd5 $16 35. Qxd5 Nf6 (35... Ng3 $16 36. Bf2 Kh8) 36. Qg5 Qd8 $2 (36... Ne8 37. Qd5 Nf6) 37. f5 Ne7 38. Bxh4 ({Don't take} 38. Qxh4+ $6 Kg8) 38... Qd1+ (38... Qd2 $16) 39. Kh2 $18 Ned5 $2 (39... Rc6) 40. Bg3 (40. Rd6 $142 Rc8 41. Ne6 $1 {[%mdl 512]}) 40... Re7 41. Rd6 Re8 42. Nd7 Qe2 $2 (42... Qa1 43. Rxd5 Nxd5) 43. Nxf6+ Nxf6 44. Bf4 $2 (44. Rxf6 gxf6 45. Qxf6) 44... Qb2 45. Rd4 (45. h4 $142) 45... Qf2 (45... Qe2 $142 46. Rd6 Qb2) 46. Qg3 Qe2 47. Qh4+ (47. Bg5 $142) 47... Kg8 48. Bg5 Nh7 49. f6 (49. Qg3 $18 {is more deadly.} Nxg5 50. Qxg5) 49... Qb5 $16 50. Bf4 {Black must now prevent fxg7.} Nxf6 {[#]} 51. Qg5 $1 {[%cal Rg5b5]} Qxg5 52. Bxg5 {[%mdl 4096] Endgame KRB-KRN} Nh7 53. Bf4 g5 54. Bc7 a6 55. Rd6 (55. Kg3 $16) 55... Re6 $1 $11 56. Rxe6 fxe6 {KB-KN} 57. Kg3 Kf7 58. Kg4 {Strongly threatening Bb6.} Nf6+ $1 59. Kxg5 {And now Bb6 would win.} Nd5 60. Bd6 {Hoping for Bc5.} (60. Bg3 {with more complications.} Nxb4 61. Kf4 a5 62. Kxe4 a4 63. Bd6) 60... Nxe3 {Threatens to win with ...Nc2.} 61. Kf4 Nxg2+ 62. Kxe4 Nh4 63. Bc5 Ke8 64. Bf2 Nf5 65. Ke5 Kd7 {[#]} (65... Kf7 $11 {keeps the balance.}) 66. h4 (66. Kf6 $1 $16) 66... a5 $2 {[%mdl 8192]} (66... Ke7 $1 $11 {and Black is okay.}) 67. b5 $2 (67. bxa5 $18 Nxh4 68. Kf6 (68. Bxh4 Kc6 $18)) 67... a4 68. h5 {aiming for Bc5.} a3 69. Be1 a2 70. Bc3 Nd6 $132 {[%mdl 2048] Black has counterplay} 71. b6 Nc4+ 72. Kf6 Nxb6 {( -> ...Nd5+)} 73. Kf7 Nd5 $2 {[%mdl 8192]} (73... Nc4 $11) 74. Ba1 {White mates.} Nf4 75. h6 Nh3 76. Kf6 {Precision: White = 45%, Black = 36%.} 1-0

[Event "20th Dubai Open 2018"]
[Site "Dubai"]
[Date "2018.04.10"]
[Round "9"]
[White "Vishnu, Prasanna. V"]
[Black "Volkov, Sergey"]
[Result "1/2-1/2"]
[WhiteElo "2510"]
[BlackElo "2598"]
[Annotator "TA"]
[PlyCount "135"]
[EventDate "2018.??.??"]
[EventType "swiss"]
[EventCountry "UAE"]
[SourceTitle "playchess.com"]
[Source "ChessBase"]
[SourceQuality "1"]

{[%evp 21,135,0,0,0,0,0,0,0,0,0,0,0,0,0,0,0,22,0,0,-13,-11,-21,-25,-24,-24,-20,-20,-25,-20,-43,-20,-20,-20,-20,-28,-24,0,-53,-51,-53,-39,-28,-24,-21,-20,-21,-21,-49,-25,-35,-14,-48,-12,-37,0,0,0,0,0,-40,-40,-88,-88,-88,-88,-88,-50,-50,-50,-50,-50,-50,-50,-50,-50,-50,-8,-8,-8,-8,-8,-8,-8,-8,-8,-8,-8,-8,-8,-8,-8,-47,-47,-47,-47,-47,-8,-47,-8,-47,-8,-47,-8,-12,-8,-16,-8,-8,0,0,0,-8,-8,-8,-8,-8]} 1. e4 e6 2. d4 d5 3. Nc3 Nf6 {[%cal Bg8f6,Bf6e4,Be4c3][%mdl 32]} 4. Bg5 Bb4 5. e5 h6 6. Be3 Ne4 7. a3 {C12: French: Classical System: McCutcheon Variation} Bxc3+ 8. bxc3 Nxc3 9. Qg4 Kf8 10. Bd3 Nc6 11. Nh3 f5 {LiveBook: 3 Games} 12. exf6 Qxf6 13. Qg3 $146 ({Predecessor:} 13. O-O e5 14. dxe5 Bxg4 15. exf6 d4 16. fxg7+ Kxg7 17. Bd2 Bxh3 18. gxh3 {½-½ (81) Niemi,K (2357)-Volkov,S (2645) Stockholm 2017}) 13... e5 14. dxe5 Nxe5 15. Bd4 $1 {[%cal Rd4e5]} Nxd3+ 16. Qxd3 Qe7+ 17. Be3 $1 Bxh3 18. Qxc3 Bg4 19. O-O b6 20. Rae1 {Threatens to win with Bxb6!} Qd7 $1 21. Bf4 c5 22. Re5 {Rfe1 is the strong threat.} Re8 23. Rfe1 Kf7 24. h3 Bf5 25. Qb3 Rxe5 26. Rxe5 Rd8 27. Qf3 {aiming for Bxh6!} Be4 28. Qe2 Re8 29. Qh5+ ({Better is} 29. Rxe8 $11 Qxe8 30. Qh5+ Ke7 31. Qe5+ Kf8 32. c3) 29... Bg6 $15 30. Qf3 Rxe5 ({But not} 30... Bxc2 $6 31. Rxd5 Qe6 32. Re5 $14) 31. Bxe5+ Kg8 32. c3 Qe6 33. Qe3 Kh7 34. g4 Qd7 35. Qf4 a5 36. h4 b5 37. f3 d4 38. cxd4 c4 39. h5 Bd3 40. d5 Qxd5 41. g5 {[#]} hxg5 $1 42. Qxg5 {[%csl Ge5][%cal Rg5g7]} Qf7 {Strongly threatening ...b4.} 43. Bc3 Be2 {[#]} 44. Qg6+ $1 {[%mdl 512]} Qxg6+ 45. hxg6+ Kxg6 {[%mdl 4096] Endgame KB-KB} 46. Kf2 Bd1 47. Bxa5 Kf5 48. Ke3 g5 49. Bc3 Ke6 50. Bb4 Bc2 51. Ba5 Bg6 52. Bb4 Be8 53. Ba5 Bc6 54. Bb4 Kf5 55. Ba5 Kg6 56. Kf2 Bb7 57. Bb4 Kf6 58. Ke3 Bc8 59. Ba5 Be6 60. Bb4 Bf7 61. Ba5 Bh5 62. Bb4 {The position is equal.} Ke6 63. Bc3 Kd5 64. Bf6 Bg6 65. Kd2 Bh5 66. Bxg5 Bxf3 67. Kc3 Bd1 68. Be7 $1 {Precision: White = 52%, Black = 40%.} 1/2-1/2

[Event "20th Dubai Open 2018"]
[Site "Dubai"]
[Date "2018.04.10"]
[Round "9"]
[White "Deepan, Chakkravarthy J"]
[Black "Efimenko, Zahar"]
[Result "0-1"]
[WhiteElo "2499"]
[BlackElo "2634"]
[Annotator "TA"]
[PlyCount "90"]
[EventDate "2018.??.??"]
[EventType "swiss"]
[EventCountry "UAE"]
[SourceTitle "playchess.com"]
[Source "ChessBase"]
[SourceQuality "1"]

{[%evp 10,90,50,32,41,47,72,75,74,43,35,39,34,4,10,10,12,8,10,-3,3,-8,46,46,51,-23,-14,-27,-21,-37,0,-35,16,0,9,34,13,0,80,0,-18,-65,-65,-114,-58,-190,-166,-141,-189,-580,-585,-577,-580,-1165,-1164,-1189,-1178,-1188,-1119,-1381,-1364,-1606,-1552,-2068,-1966,-1979,-2029,-1872,-2150,-2127,-2095,-2536,-2492,-2415,-2380,-29975,-6511,-29990,-29989,-29989,-29990,-29990,-29991]} 1. e4 g6 2. d4 Bg7 3. Nc3 d6 4. Be3 a6 5. a4 b6 6. h4 {LiveBook: 5 Games. B06: Modern Defence} (6. Qd2 Bb7 7. h4 Nf6 8. f3 Nbd7 9. g4 h6 10. Be2 c5 11. d5 Ne5 12. Nh3 Qc7 13. Nf2 Bc8 14. Rg1 {1-0 (38) Onischuk,V (2613)-Stefanova,A (2505) Almaty 2016}) 6... Nf6 7. f3 Nbd7 $146 ({Predecessor:} 7... c5 8. Nge2 Nc6 9. e5 Nh5 10. dxc5 Bxe5 11. cxb6 Ng3 12. Rg1 e6 13. Bf2 Nf5 {1-0 (32) Vereggen,L (2336)-Coenen,E (2120) Vlissingen 2017}) 8. g4 {White is better.} h6 9. Nce2 Bb7 10. Ng3 e6 11. Bd3 c5 12. c3 h5 13. g5 Ng8 $1 14. Nh3 Ne7 15. O-O Nc6 ({Black should try} 15... Qc7 $11) 16. Be2 $14 Qc7 17. Qd2 ({White should play} 17. f4 $1 $14) 17... Na5 $11 {White must now prevent ...Nb3.} 18. Ra3 d5 19. e5 O-O-O 20. Bf2 Rhe8 (20... Bf8 $15 21. Ra2 Bg7) 21. Ra2 Nxe5 22. dxe5 Bxe5 23. Kg2 Bg7 {[#]} (23... c4 $11 {remains equal.}) 24. Qc2 (24. b4 $1 $16 {[%cal Rb4a5]} Nb3 25. Qb2) 24... c4 25. Re1 e5 {[%cal Be6e5,Be5e4,Be4f3][%mdl 32]} 26. Bf1 Nb3 (26... e4 $17 {aiming for ...exf3+.} 27. fxe4 dxe4) 27. Ng1 {[#]} (27. Kg1 $15) 27... e4 $1 $19 28. Ra3 exf3+ 29. Kh2 $2 (29. Nxf3 {nothing else works.} d4 30. Bxc4 Qxc4 31. Qxb3 Qxb3 32. Rxb3 Rxe1 33. Bxe1 dxc3 34. Bxc3) 29... Rxe1 30. Bxe1 d4 {[%cal Bd5d4,Bd4d3,Bd3d2][%mdl 32]} 31. Rxb3 cxb3 32. Qxb3 d3 33. Qd1 {[#]} d2 $1 {[%mdl 512]} 34. Bf2 (34. Bxd2 Be5) 34... Kb8 35. a5 bxa5 {[%cal Bb6a5,Ba5a4,Ba4a3][%mdl 32]} 36. c4 Bxb2 37. c5 {[#]} a4 $1 38. Bc4 (38. Qxa4 d1=Q) 38... a3 39. Bb3 a5 {[%cal Ba6a5,Ba5a4][%mdl 32]} 40. Nh3 a4 41. Bc4 Bc6 42. Kg1 Bd4 {( -> ...Qxg3+)} 43. Kf1 Bxf2 {Black mates.} 44. Kxf2 Qe5 45. Nf1 Qd4+ {Precision: White = 30%, Black = 67%.} 0-1

[Event "20th Dubai Open 2018"]
[Site "Dubai"]
[Date "2018.04.10"]
[Round "9"]
[White "Venkatesh, M.R"]
[Black "Zhu, Yilun"]
[Result "1-0"]
[WhiteElo "2487"]
[BlackElo "2195"]
[Annotator "TA"]
[PlyCount "119"]
[EventDate "2018.??.??"]
[EventType "swiss"]
[EventCountry "UAE"]
[SourceTitle "playchess.com"]
[Source "ChessBase"]
[SourceQuality "1"]

{[%evp 19,119,19,6,-4,0,-25,-22,-40,-30,-27,-17,-55,-55,-56,-62,-83,-92,-107,0,-21,-26,-40,-23,-28,0,-16,-16,-41,0,0,0,-4,61,60,158,163,173,122,307,322,317,305,359,352,314,193,495,348,349,329,311,185,191,183,175,178,185,144,181,168,170,108,145,157,136,67,183,106,132,111,108,113,104,90,138,96,187,66,76,66,60,60,79,69,77,95,1847,1848,29973,29974,29974,29975,29975,29976,29976,29977,29977,29977,29981,29979,29976,-29980]} 1. e4 e5 2. Nf3 Nc6 3. Bb5 {[%cal Bf1b5,Bb5a4,Ba4b3,Bb3d5][%mdl 32]} a6 4. Ba4 Nf6 5. d3 b5 6. Bb3 Bc5 7. Nc3 d6 {C77: Ruy Lopez: 3...a6 4 Ba4 Nf6, unusual lines} 8. Nd5 h6 9. Nxf6+ (9. c3 O-O 10. O-O Rb8 11. Nxf6+ Qxf6 12. h3 Ne7 13. d4 Bb6 14. Be3 Ng6 15. a4 {1-0 (45) Caruana,F (2808)-Mamedyarov,S (2800) Paris 2017}) 9... Qxf6 10. Bd5 Bd7 {LiveBook: 9 Games} 11. c3 Rb8 12. h3 $146 ({Predecessor:} 12. b4 Bb6 13. a4 Ne7 14. Bb3 Ng6 15. a5 {1-0 (68) Stripunsky,A (2569)-Banawa,J (2310) Philadelphia 2007}) 12... Bb6 13. Be3 Ne7 14. Bb3 Ng6 15. Bxb6 Rxb6 16. g3 h5 {[%cal Bh6h5,Bh5h4][%mdl 32]} 17. Kf1 h4 18. Kg2 d5 (18... a5 $17 19. d4 a4) 19. Qe2 ({Reject} 19. exd5 hxg3 20. fxg3 Qf5 $15) 19... dxe4 20. dxe4 Rh6 21. Qe3 Rd6 22. Rad1 (22. a4 {is more complex.} bxa4 23. Bxa4 Bxa4 24. Rxa4 Qd8 25. Qe2) 22... Rxd1 23. Bxd1 hxg3 24. fxg3 Qc6 25. h4 Bg4 (25... f6 $1 $11) 26. Bb3 $14 Bxf3+ (26... f6 $14) 27. Qxf3 $16 Nh8 28. Qf5 (28. Qg4 $18) 28... Rf6 $2 (28... Qf6 $16) 29. Qxe5+ $18 Kf8 30. Rd1 {Threatening mate with Rd8+.} Rd6 31. Rxd6 cxd6 32. Qf5 Qc7 $2 (32... Qe8 {is tougher.} 33. Qd5 Kg8) 33. h5 Kg8 34. g4 Qa7 35. Qf2 (35. Qg5 $142 {Intending h6 and mate.} Kh7 36. Bd5) 35... Qe7 36. Bd5 Qg5 37. Kg3 Qc1 38. Bb3 Qh1 39. Qe3 Kh7 40. Bc2 ({White should play} 40. e5 $18 dxe5 41. Bc2+ (41. Qxe5 Qg1+ 42. Kf3 Qf1+ 43. Ke4 Qg2+ 44. Kd4 Qg1+ 45. Kd5 Qxg4 $16) 41... Kg8 42. Qxe5 Qg1+ 43. Kf3 Qh1+ 44. Ke3 Qe1+ 45. Kd4 Qd2+ 46. Bd3) 40... Kg8 41. e5 dxe5 42. Be4 (42. Qxe5 $16 {[%cal Re5e8]} Qg1+ 43. Kf3) 42... Qf1 (42... Qd1 $1 $14) 43. g5 (43. Bd5 $18) 43... Qd1 44. Bf3 Qd6 {White must now prevent ...e4+.} 45. Qe4 Qe7 46. Kh4 g6 47. h6 $36 {[%mdl 2048] Strongly threatening Qc6. Black is under strong pressure.} f6 {[#]} (47... Qc5 $16) 48. Qa8+ ({Better is} 48. Qb7 $1 $18 {[%cal Rb7e7]} fxg5+ 49. Kg4) 48... Kh7 $14 {[#]} 49. Qb7 $1 {[%cal Rb7e7]} fxg5+ 50. Kg4 Qxb7 51. Bxb7 {[%mdl 4096] Endgame KB-KN} a5 52. Bc6 {Hoping for b4.} b4 $2 {[%mdl 8192]} (52... e4 $16) 53. cxb4 $18 axb4 54. Bd5 {White mates.} e4 55. a4 bxa3 56. bxa3 {[%cal Bb2a3,Ba3a4][%mdl 32]} e3 57. Kf3 g4+ 58. Kxe3 g3 59. a4 g2 60. Ke4 $4 {[%mdl 40960] Precision: White = 53%, Black = 41%. . Sensor Board Error (Ke4/e5)?} (60. Kf2 {avoids the disaster.} g5 61. Be4+ Kxh6 62. a5 Nf7 63. a6 Nd6 64. a7 Nxe4+ 65. Kxg2) 1-0

[Event "20th Dubai Open 2018"]
[Site "Dubai"]
[Date "2018.04.10"]
[Round "9"]
[White "Santiago, Yago De Moura"]
[Black "Rakhmanov, Aleksandr"]
[Result "0-1"]
[WhiteElo "2476"]
[BlackElo "2652"]
[Annotator "TA"]
[PlyCount "130"]
[EventDate "2018.??.??"]
[EventType "swiss"]
[EventCountry "UAE"]
[SourceTitle "playchess.com"]
[Source "ChessBase"]
[SourceQuality "1"]

{[%evp 15,130,0,14,-14,-13,-20,-13,-26,-17,-21,-21,-56,-58,-44,-51,-51,-52,-73,-64,-88,-83,-87,-82,-125,-92,-145,-141,-191,-164,-295,-297,-287,-301,-398,-303,-317,-318,-435,-443,-413,-319,-337,-310,-425,-296,-288,-268,-274,-271,-295,-275,-277,-275,-356,-274,-313,-264,-281,-230,-238,-232,-266,-237,-281,-290,-360,-377,-358,-312,-305,-307,-363,-122,-166,-143,-175,-167,-180,-169,-309,0,-156,-155,-144,-154,-248,-237,-546,-289,-337,-265,-347,-349,-327,-315,-427,-377,-463,-461,-1147,-995,-1013,-462,-766,-493,-1179,-1302,-1663,-1574,-1391,-1092,-1671,-1581,-1422,-1350,-1877,-1760]} 1. c4 e6 2. Nc3 d5 3. d4 Nf6 4. Nf3 a6 5. cxd5 exd5 6. g3 c6 {A13: English Opening: 1...e6} 7. Bg2 Bd6 8. O-O O-O {LiveBook: 19 Games. The position is equal.} 9. b3 Re8 10. Bb2 Nbd7 $146 ({Predecessor:} 10... Bg4 11. h3 Bxf3 12. exf3 Nbd7 13. Qd3 {½-½ (67) Meskovs,N (2524)-Grigorov,G (2510) Riga 2017}) 11. e3 Qe7 12. Qc2 Ne4 13. Nxe4 dxe4 14. Nd2 {[%cal Rd2e4]} Nf6 15. Nc4 Bf5 16. Rfd1 Nd5 17. a3 Rad8 18. Re1 Qe6 19. Rac1 h5 $1 {[%cal Bh7h5,Bh5h4][%mdl 32]} 20. Qe2 {[#]} (20. h4 $142) 20... h4 $1 $17 {[%mdl 512]} 21. Nd2 (21. gxh4 Qh6) 21... Qg6 22. Qf1 (22. Nc4 {was called for.}) 22... Qh5 $19 (22... hxg3 23. fxg3 Re6 24. Nc4 $17) 23. Qe2 Bg4 24. Qc4 hxg3 25. fxg3 f5 26. Qf1 Re6 27. Qf2 Rh6 28. Nf1 Rf8 29. Rc5 Bxc5 30. dxc5 Bh3 31. Bxh3 Qxh3 32. Qd2 Qg4 33. Be5 Re8 34. Bd4 Qg6 35. Re2 Qe6 36. Qe1 Nf6 37. Nd2 Nh7 38. Qf1 Rf8 39. Qf4 Qe7 40. Rg2 Ng5 {White must now prevent ...Nh3+.} 41. Qf1 Qf7 42. b4 Qd5 43. h4 {[#]} Nh7 $2 (43... f4 $1 $19 {has better winning chances.} 44. hxg5 (44. exf4 Qxd4+) 44... fxe3) 44. Qa1 Rg6 45. Qc3 Nf6 46. Nc4 Nh5 47. Kh2 {[#]} (47. Be5 {might work better.}) 47... Nf6 $2 (47... f4 $1 $19 48. exf4 {[#]} Nxf4 $1 {[%mdl 512]}) 48. Rd2 $2 (48. Kg1 $1 $11) 48... Ng4+ $17 49. Kg1 {next Bxg7 is good for White.} Qe6 50. Rg2 (50. Ne5 $17 {only move.}) 50... Rd8 $19 51. Kh1 $2 (51. Nd6 {is more resistant.}) 51... Kh7 52. Kg1 Qe7 53. Nd6 Rdxd6 54. cxd6 Rxd6 ({Not} 54... Qxd6 55. Qc5 $17) 55. Qb3 Qd7 56. Rd2 {[#]} Ne5 $1 {[%mdl 512] Black is clearly winning.} 57. Rd1 (57. Rf2 $142 Nf3+ 58. Rxf3 exf3 59. Kf2) (57. Bxe5 Rxd2) 57... Nf3+ 58. Kg2 Rd5 (58... f4 $142 {And now ...Qg4 would win.} 59. Qc2 Qf5 60. exf4 Rxd4) 59. Qc3 (59. Qc2 $142 Nxd4 60. Rxd4) 59... a5 60. h5 (60. Qc2 $142 Nxd4 61. Rxd4) 60... axb4 61. axb4 f4 {[%cal Bf5f4,Bf4f3][%mdl 32]} 62. Qc2 Ng5 {( -> ...Qh3+)} 63. Rh1 f3+ 64. Kf1 {[#]} b6 $1 {[%mdl 512]} 65. h6 (65. Bxb6 Rd1+) 65... g6 {Precision: White = 26%, Black = 74%.} 0-1

[Event "20th Dubai Open 2018"]
[Site "Dubai"]
[Date "2018.04.10"]
[Round "9"]
[White "Karthik, Venkataraman"]
[Black "Tissir, Mohamed"]
[Result "0-1"]
[WhiteElo "2470"]
[BlackElo "2381"]
[Annotator "TA"]
[PlyCount "68"]
[EventDate "2018.??.??"]
[EventType "swiss"]
[EventCountry "UAE"]
[SourceTitle "playchess.com"]
[Source "ChessBase"]
[SourceQuality "1"]

{[%evp 21,68,81,56,20,42,11,25,31,31,12,27,2,69,0,0,0,83,0,0,0,85,68,74,76,105,105,86,35,120,157,128,160,222,177,191,149,121,-129,-112,-124,-128,-122,-108,-402,-396,-890,-873,-1159,-793]} 1. e4 c5 2. Nf3 d6 3. d4 cxd4 4. Nxd4 Nf6 5. Nc3 e6 6. g4 a6 7. g5 Nfd7 8. h4 b5 9. a3 Bb7 10. h5 {B81: Sicilian Scheveningen: Keres Attack} Nc6 11. Nxc6 Bxc6 {LiveBook: 3 Games} 12. Bg2 $146 {White is slightly better.} ({Predecessor:} 12. Be3 Qb8 13. Qd4 a5 14. Bg2 b4 15. Ne2 Nc5 16. axb4 axb4 17. O-O Rxa1 18. Rxa1 {1-0 (39) Bauer,C (2647)-Florescu,C (2309) Zuerich 2017}) 12... Qc7 13. Rh3 h6 14. Qe2 Be7 15. Rg3 Rc8 16. g6 fxg6 (16... O-O $11) 17. Rxg6 (17. Bh3 $1 $14) 17... Bf6 $11 18. Bh3 Nf8 (18... Qa5 $11 {keeps the balance.} 19. Bd2 b4) 19. Rxf6 ({White should try} 19. Rg3 $16) 19... gxf6 20. Bf4 Qe7 (20... a5 $11) 21. O-O-O $16 Rd8 22. Qe3 d5 23. exd5 Bxd5 24. Bxh6 ({But not} 24. Nxd5 $6 Rxd5 25. Rxd5 exd5 $11) ({Better is} 24. Kb1 $16) 24... Rg8 (24... Ba8 $14) 25. Re1 {[%mdl 1024] White has strong compensation.} Bc4 26. Ne4 Rd5 (26... Bd5 $16 {was necessary.}) 27. Qb6 Nd7 28. Qc6 ({Don't take} 28. Qxe6 $6 Rd1+ 29. Kxd1 Bxe6 $14) 28... Kf7 {[#]} 29. Nxf6 $2 (29. Bd2 $1 $16 {keeps the pressure on.} Ne5 30. Qb6) 29... Re5 $17 30. Ne4 {Strongly threatening Nd6+.} Nc5 $40 {[%mdl 128] Hoping for ...Nxe4. Black wants a kill.} 31. f3 {And now Bf4 would win.} Nxe4 32. fxe4 $2 {[%mdl 8192]} (32. Bg4 $17 Qa7 33. fxe4 (33. Rxe4 $2 Bd5 $19) 33... Rxg4 34. Be3) 32... Rxh5 $19 33. Rd1 $2 {[#]} (33. Bd2 Rxh3 34. Bb4 Qg5+ 35. Bd2) 33... Rxh3 34. b4 Rd8 {Precision: White = 36%, Black = 52%.} 0-1

[Event "20th Dubai Open 2018"]
[Site "Dubai"]
[Date "2018.04.10"]
[Round "9"]
[White "Iniyan, P."]
[Black "Kulkarni, Bhakti"]
[Result "1-0"]
[WhiteElo "2466"]
[BlackElo "2317"]
[Annotator "TA"]
[PlyCount "95"]
[EventDate "2018.??.??"]
[EventType "swiss"]
[EventCountry "UAE"]
[SourceTitle "playchess.com"]
[Source "ChessBase"]
[SourceQuality "1"]

{[%evp 19,95,10,29,0,70,56,99,71,79,82,82,18,86,100,82,83,173,162,164,179,190,196,178,189,225,212,213,212,239,228,241,226,231,239,233,240,239,235,235,189,185,205,251,248,270,266,410,360,352,329,495,488,495,493,479,464,456,428,426,426,731,735,675,573,1273,1265,1206,1234,1132,1176,1245,1208,1198,1196,1120,1043,816,791]} 1. d4 d5 2. c4 e6 3. Nf3 Nf6 4. Nc3 Be7 5. g3 O-O 6. Bg2 c6 7. O-O b6 8. b3 Ba6 9. Qd3 Nbd7 10. e4 {[%cal Be2e4,Be4e5][%mdl 32]} Rc8 {LiveBook: 39 Games} 11. Re1 {E07: Closed Catalan: Main Line (5 Nf3 0-0 6 0-0 Nbd7)} (11. Rd1 h6 12. e5 Nh7 13. Qc2 Qc7 14. Ne2 Rfd8 15. Nf4 Ng5 16. Nxg5 Bxg5 17. h4 Be7 18. Bb2 Nf8 19. Rac1 {1-0 (68) Anand,V (2770)-Anton Guijarro,D (2627) Leon 2016}) 11... Bb4 (11... dxc4 $11 12. bxc4 b5) 12. e5 $146 ({Predecessor:} 12. Nd2 dxc4 13. bxc4 Ne5 14. Qc2 Qxd4 15. Bb2 Nd3 16. Re3 Nxf2 17. Nd5 Qxd2 18. Nxf6+ gxf6 19. Qxd2 Bxd2 20. Re2 Nd3 {0-1 (20) Halldorsson,B (2095)-Johannesson,I (2377) Reykjavik 2015}) 12... Ne4 13. Nxe4 {White is better.} (13. Rxe4 {feels hotter.} dxe4 14. Nxe4 h6 15. Qc2 Be7 16. Bf4) 13... dxe4 14. Qxe4 Bxe1 15. Qxe1 (15. Ng5 $16 {[%csl Gg5][%cal Re4h7]} Bxf2+ 16. Kxf2) 15... f6 (15... c5 $11) 16. exf6 $16 Qxf6 17. Bf4 c5 {[#]} (17... Rfe8 $16 {was worth a try.}) 18. Ng5 $1 $18 cxd4 19. Qxe6+ Qxe6 20. Nxe6 Rf6 21. Nxd4 Kh8 22. Bh3 Rd8 23. Bg5 Ne5 24. Bxf6 gxf6 25. f4 Rxd4 26. fxe5 fxe5 {[%mdl 4096] Endgame KRB-KRB} 27. Re1 e4 28. Kf2 Kg7 29. Bf5 ({Resist} 29. Ke3 $6 Rd3+ 30. Kf4 (30. Kxe4 Rd2 $18) 30... Rd2) 29... Bb7 30. Ke2 h6 31. Rf1 a5 32. Be6 Kg6 (32... Rd6 {was necessary.}) 33. Rd1 Rxd1 34. Kxd1 {KB-KB} Ba6 (34... Kf6 $142) 35. Kd2 {White is clearly winning.} Kf6 36. Bd7 Bb7 37. Ke3 Ke5 38. Be8 Bc8 39. Bg6 Bb7 (39... Bg4 $142 40. Bxe4 Bh3) 40. a4 Bc6 41. g4 Bb7 42. h3 Bc6 43. Bf7 Bd7 44. Bd5 Bc8 45. Bxe4 Bd7 46. Bf3 Be6 47. h4 Bd7 48. Be2 {Precision: White = 86%, Black = 45%.} 1-0